Make Time: Staň sa pánom svojho času a nauč sa sústrediť na podstatné

Saved in:
Bibliographic Details
Main Author Knapp, Jake
Other Authors John Zeratsky
Format Electronic eBook
LanguageCzech
Published Grada SK 2026
Edition1. elektronické vydání
Subjects
Online AccessDostupné v BOOKPORT po přihlášení pomocí eduID
ISBN978-80-8305-268-0
978-80-8305-266-6
Physical Description1 online zdroj (304 stran)

Cover

LEADER 00000nam a2200000 i 4500
001 bkp100477
003 CZ-prgp
005 20260304115307.0
006 m o d
007 cr cn
008 260304s2026 xr o 000 0 cze
020 |a 978-80-8305-268-0  |c 404 Kč  |q (online ; epub) 
020 |a 978-80-8305-266-6  |c 475 Kč  |q (print) 
040 |a Grada  |b cze  |e rda 
100 1 |a Knapp, Jake 
245 1 0 |a Make Time: Staň sa pánom svojho času a nauč sa sústrediť na podstatné  |c Jake Knapp, John Zeratsky 
250 |a 1. elektronické vydání 
264 1 |b Grada SK  |c 2026 
300 |a 1 online zdroj (304 stran) 
336 |a text  |b txt  |2 rdacontent 
337 |a počítač  |b c  |2 rdamedia 
338 |a online zdroj  |b cr  |2 rdacarrier 
520 3 |a Aj vy môžete prestať s pasívnym reagovaním na požiadavky moderného sveta a začať si zámerne robiť čas na veci, na ktorých záleží! 
650 0 4 |a Osobní rozvoj a kariéra 
650 0 4 |a Šťastný život 
650 0 4 |a Úspěch a motivace 
700 1 |a John Zeratsky 
856 4 0 |u https://www.bookport.cz/AccountSaml/SignIn/?idp=https://shibboleth.utb.cz/idp/shibboleth&returnUrl=/kniha/make-time-stan-sa-panom-svojho-casu-a-nauc-sa-sustredit-na-podstatne-15846/  |y Dostupné v BOOKPORT po přihlášení pomocí eduID